| 000 | 00514nam a22001697a 4500 | ||
|---|---|---|---|
| 999 |
_c523875 _d523875 |
||
| 003 | NUST | ||
| 038 | _awaseem | ||
| 082 |
_a059.9143 _bMAH |
||
| 100 |
_aMahmood-Ul-Hassan _914699 |
||
| 245 |
_aPakistan Ka Urdu Akhbarat Aur Rashal / _cMahmood-Ul-Hassan |
||
| 260 |
_aIslamabad : _bMuqtidara Qumi Zuban, _c1985. |
||
| 300 | _a256 p. ; | ||
| 500 | _aHardcover. | ||
| 880 |
_6100-02\r _aمحمود الحسن |
||
| 880 |
_6245-02\r _aپاکستان کے اردو اخبارات اور رسائل / |
||
| 942 |
_2ddc _cBK |
||